000 01281nam a22002897i 4500
999 _c172170
_d172170
005 20190415155647.0
008 190415t20142007-ukao j 001 0 eng d
020 _a9781848101029
_qpaperback
_cRM17.90
040 _aPPAK
_beng
_cPPAK
_erda
082 0 4 _a599.67
_223
090 0 0 _a599.67
_bDEL
_dRK
100 1 _aDe La Bedoyere, Camilla,
_eauthor.
245 1 0 _a100 facts :
_bElephants /
_cCamilla de la Bedoyere ; Consultant: Steve Parker
246 3 _aOne hundred facts :
_belephants
264 1 _aEssex, United Kingdom :
_bMiles Kelly Publishing Ltd,
_c2014
264 4 _c©2007
300 _a48 pages :
_bcolour illustrations, colour photographs ;
_c30 cm
336 _2rdacontent
_atext
337 _2rdamedia
_aunmediated
338 _2rdacarrier
_avolume
500 _aIncludes index.
500 _a"Projects • Quizzes • Fun Facts • Cartoons" -- Cover page.
520 _aDiscover everything you need to know about the biggest land-living creatures with this brilliant book. One hundred facts, fantastic illustrations, and hilarious cartoons give you the inside story on elephant anatomy and habitats, while fun quizzes test your knowledge.
650 1 0 _aElephants
_vMiscellanea
_vJuvenile literature
700 1 _aParker, Steve,
_econsultant.
942 _2ddc
_cB